00630nam a2200241 a 4500001001300000003000900013005001700022008004100039020001000080082001300090100001800103245001300121260003800134300000800172500003500180505001300215650001800228700001800246902000800264942000700272952009400279999001500373nice12345678IN_TiNIC20260116012953.0050524s1939 dela grp 000 0 urd  ac10000a244bSHA aShah, M Ahmad aImberzal aDelhibChildren`s Lit.Housec1939 a30p aincludes index and biblioraphy2 aAppendix aBible Stories1 aShah, M Ahmad bSRS cBK 00104070aHMIbHMId2007-07-05g100.00l0o244 SHAp10977r2007-07-05w2026-01-16yARB c9111d9111